000
00231nam a2200097Ia 4500
001
1095410
005
20250827003014.0
008
250824s9999 xx 000 0 und d
245
0
_a
SFAHAT
_c
ÖMER BARDAKÇI
260
_b
KÜLTÜR A.Ş
999
_c
1095410
_d
1095410